Регионална библиотека "Любен Каравелов" - Русе

Първо запознаване с природата кн.3 и кн.4 (Запис номер 408552)

MARC детайли
000 -Лидер
Контролно поле с фиксирана дължина nam a22 a 4500
003 - Код на организацията, давaща контролен номер
Контролно поле BLK
005 - Дата и час на последна редакция
Контролно поле 20221208031047.0
008 - Елементи от данни с фиксирана дължина
fixed length control field 210415b bu |||||r|||| 00| 0 bu d
040 ## - Източник на каталожния запис
Идентификатор на билиотеката - собственик на записа BLK
041 ## - Код за език
Код за езика на текст/звукозапис или на отделно заглавие Български
Код за езика КДБФ Български
080 ## - УДК
Текстов определител УДК Анатомия и морфология на растенията
УДК код - определител по УДК 581.4
УДК - код + определител 581.4
100 ## - Редна дума - Автор
R(LIN) 1299
Автор Беклей, А.
Авторска отговорност първи автор
139 ## - Редно поле
Редна дума Беклей, А.
245 ## - Сведения за заглавието
Заглавие Първо запознаване с природата кн.3 и кн.4
Подзаглавни данни Четива за деца от 8-12 годишна възраст
Редно поле (дума) А. Беклей, В. Н. Львов, прев от рус. Б. Митов
Том Кн.3
Заглавие на том Живота на растенията в полето и в градината
260 ## - Област на издателските данни
9 (RLIN) 447386
Място на издаване, разпространение и проч. Стара Загора
Име на издателя, разпространителя и проч. Печатница "Светлина"
Година на издаване 1907
300 ## - Физическа характеристика
Размери/Мащаб 19 см
380 ## - Жанр
Жанр Естествени науки. Математика
505 ## - Форматирана забележка
Авторската отговорност А. Беклей, В. Н. Львов
Заглавие Кн.4 Живота на птиците -56с.
650 #7 - Допълнително описание по предмет – тема
9 (RLIN) 168966
Основно описание – тема или топоним Растения
650 #7 - Допълнително описание по предмет – тема
9 (RLIN) 149099
Основно описание – тема или топоним Ботаника
653 #7 - Ключова дума – ненормативна
9 (RLIN) 182340
Ключова дума ботаника
700 ## - Други автори (авторска отговорност)
Лично име Львов, Владимир Николаевич
Автороска отговорност (Описва отношението между автора и произведението) съавт.
9 (RLIN) 1445
700 ## - Други автори (авторска отговорност)
9 (RLIN) 1121
Лично име Митов, Б.
Автороска отговорност (Описва отношението между автора и произведението) прев. от рус.
760 ## - Описание на основната серия
Редна дума на основното описание Беклей, А.
Място на издаване, издател и година Стара Загора 1907
Страници - том 69с.
Част - том Книж.3
Заглавие Живота на растенията в полето и в градината
852 ## - Местоположение
Форматна сигнатура Цб 5.190.8748
Фондова буква Хранилище
999 ## - СИСТЕМНИ КОНТРОЛНИ НОМЕРА
Koha biblionumber 408552
Koha biblioitemnumber 408552
942 ## - АРТИКУЛИ
Вид на библиотечния материал Книги
Скрит в OPAC Не
Периодичен библиозапис Да
944 ## - СЪЗДАВАНЕ И РЕДАКЦИЯ на ЗАПИСА
Създаване/Редакция Създаване
Дата на регистрацията/редакция 2021-04-15
Служител, извършил регистрацията/редакцията Микаела Микова - Илиева
Статус, дата на статуса 2021-04-15
Наличности
Код за отписване Код за изгубен артикул Източник на класификационната схема Код за повреда Коз за рестрикции Код за отдаване Артикулен № Име на библиотеката - собственик Име на библиотеката, в която се намира в момента Статус (Текущо местоположение) Дата на вписване в системата Местоположение - отдел Цена в лева Инвентарен номер Систематично азбучна сигнатура Баркод Цена в евро Служебен тип на артикула
  Не е изгубен Universal Decimal Classification Не е повреден само за читалня ползва се в читалня 825367 Регионална библиотека "Любен Каравелов" Русе Регионална библиотека "Любен Каравелов" Русе Хранилище 2021-04-21 Основен фонд - ползва се само за читалня 0.10 8748 Цб 5.190.8748 900000052986 0.05 Книги
Vip Innovations Ltd, Rousse, Bulgaria 2025